Normal view
MARC view
Entry Personal Name
001 - CONTROL NUMBER
- control field: 45800
003 - CONTROL NUMBER IDENTIFIER
- control field: ARRUPE
005 - DATE AND TIME OF LATEST TRANSACTION
- control field: 20190423122531.0
008 - FIXED-LENGTH DATA ELEMENTS
- fixed length control field: 190423|| aca||aabn | a|a d
040 ## - CATALOGING SOURCE
- Original cataloging agency: ARRUPE
- Transcribing agency: ARRUPE
100 ## - HEADING--PERSONAL NAME
- Personal name: Mueller, J. J.
- Fuller form of name: (John J.)
670 ## - SOURCE DATA FOUND
- Source citation: Work cat.: (ARRUPE)0: Mueller, J. J. (John J.), Faith and appreciative awareness :, c1981.